000 00339nam a2200133Ia 4500
008 220204s9999 xx 000 0 und d
082 _a311
_bKEM
100 _aKEMPTHORNE, Oscar
245 0 _aDesign and analysis of experiments
260 _aNew Delhi
_bWiley Eastern
_c1967
650 _aMathematics
650 _aStatistics
942 _cBK
999 _c20903
_d20903